| 000 -LEADER |
| fixed length control field |
00772nam a2200241Ia 4500 |
| 001 - CONTROL NUMBER |
| control field |
12020 |
| 003 - CONTROL NUMBER IDENTIFIER |
| control field |
GE_BSU |
| 005 - DATE AND TIME OF LATEST TRANSACTION |
| control field |
20221121122000.0 |
| 008 - FIXED-LENGTH DATA ELEMENTS--GENERAL INFORMATION |
| fixed length control field |
181216s2012||||enk|||||||||||||| ||und|| |
| 020 ## - INTERNATIONAL STANDARD BOOK NUMBER |
| International Standard Book Number |
9780230621649x |
| 040 ## - CATALOGING SOURCE |
| Transcribing agency |
GE_BSU |
| 041 ## - LANGUAGE CODE |
| Language code of text/sound track or separate title |
eng |
| 080 ## - UNIVERSAL DECIMAL CLASSIFICATION NUMBER |
| Universal Decimal Classification number |
3.27.7 R-63 |
| 100 ## - MAIN ENTRY--PERSONAL NAME |
| Personal name |
Rittberger, Volker |
| 9 (RLIN) |
15960 |
| 245 ## - TITLE STATEMENT |
| Title |
International Organization |
| Statement of responsibility, etc. |
Volker Rittberger, Bernhard Zangl, Andreas Kruck. |
| 250 ## - EDITION STATEMENT |
| Edition statement |
2 edition |
| 264 ## - PRODUCTION, PUBLICATION, DISTRIBUTION, MANUFACTURE, AND COPYRIGHT NOTICE |
| Place of production, publication, distribution, manufacture |
New York : |
| Name of producer, publisher, distributor, manufacturer |
Palgrave Macmillan, |
| Date of production, publication, distribution, manufacture, or copyright notice |
2012. |
| 300 ## - PHYSICAL DESCRIPTION |
| Extent |
330 p.: |
| Other physical details |
ill.; |
| Dimensions |
24 cm. |
| 653 ## - INDEX TERM--UNCONTROLLED |
| keyword |
Ინტერნაციონალური ორგანიზაცია |
| 700 ## - ADDED ENTRY--PERSONAL NAME |
| Personal name |
Zangl, Bernhard |
| Relator term |
ავტორი |
| 9 (RLIN) |
15961 |
| 700 ## - ADDED ENTRY--PERSONAL NAME |
| Personal name |
Kruck, Andreas |
| Relator term |
ავტორი |
| 9 (RLIN) |
15962 |
| 942 ## - ADDED ENTRY ELEMENTS (KOHA) |
| Koha item type |
წიგნი |
| Source of classification or shelving scheme |
|